000 02830nam0a2200385 4500
001 RU\NLR\BIBL_A\022733853
005 20260426080647.0
010 _a978-5-7159-0861-2
_9500
021 _aRU
_bКН-П-25-081017
_9КН-П-25-7846
035 _a(NLR Aleph) 022733853
090 _a13696833
_c13696833
100 _a20260220d2025 k y0rusy50 ca
101 0 _arus
_deng
102 _aRU
105 _aac z 100zy
181 0 _ai3
_baxxe
182 0 _an
200 1 _aСовременные тенденции развития дошкольного и начального образования
_eматериалы V международной научно-практической конференции, приуроченной к Году защитника Отечества и 80-летия Победы в Великой Отечественной войне, 05 декабря 2025 года
_fМинистерство просвещения Республики Башкортостан, Государственное автономное образовательное учреждение дополнительного профессионального образования "Институт развития образования Республики Башкортостан"
_gредакционная коллегия: Акчулпанов Ю. К. [и др.]
203 _aТекст
_bвизуальный
_cнепосредственный
210 _aУфа
_cИзд-во Института развития образования Республики Башкортостан
_d2025
215 _a487 c.
_cцв. ил., портр.
_d20
300 _aРез. докл. на англ. яз.
320 _aБиблиогр. в конце докл.
606 1 _aДошкольное образование
_jСъезды, совещания и т.п
_92433269
_3RU\NLR\AUTH\661448138
606 1 _aНачальное образование
_jСъезды, совещания и т.п
_92453589
_3RU\NLR\AUTH\661458620
686 1 _aЧ41я431
686 1 _aЧ424(0)714.0я431
702 1 _aАкчулпанов
_bЮ. К.
_f1987-
_gЮлай Киньябаевич
_4340
711 1 2 _a"Современные тенденции развития дошкольного и начального общего образования", международная научно-практическая конференция
_d5
_eУфа
_f2025
_92699068
_3RU\NLR\AUTH\880639449
712 0 2 _4475
_aИнститут развития образования Республики Башкортостан
_cУфа
_9823268
_3RU\NLR\AUTH\8810163626
942 _cBOOK
980 _aNB